دیوان غالب جدید / (Record no. 173242)

MARC details
000 -LEADER
fixed length control field 00553nam a22001817a 4500
005 - DATE AND TIME OF LATEST TRANSACTION
control field 20200220152801.0
010 ## - LCCN (DPL NO)
LC control number A-880947
020 ## - INTERNATIONAL STANDARD BOOK NUMBER
Terms of availability 32.00
035 ## - SYSTEM CONTROL NUMBER
System control number A-880947
037 ## - SOURCE OF ACQUISITION
Source of stock number/acquisition BPPD/Pub.
082 ## - DEWEY DECIMAL CLASSIFICATION NUMBER
Classification number 841
100 ## - MAIN ENTRY--PERSONAL NAME
Personal name محمد انوار الحق
245 ## - TITLE STATEMENT
Title دیوان غالب جدید /
Statement of responsibility, etc محمد انوار الحق
246 ## - VARYING FORM OF TITLE
Title proper/short title Deewan-e-Ghalib Jedeed (urdu) /
Remainder of title by Mohammed Anwar-Ul-Haq
260 ## - PUBLICATION, DISTRIBUTION, ETC. (IMPRINT)
Place of publication, distribution, etc Bhopal
Name of publisher, distributor, etc Madhya Pradesh Urdu Academy
Date of publication, distribution, etc 1982 ء
300 ## - PHYSICAL DESCRIPTION
Extent 488p.
Dimensions 22cm(Hb)
942 ## - ADDED ENTRY ELEMENTS (KOHA)
Source of classification or shelving scheme Dewey Decimal Classification
Item type Urdu Bks
Classification part 841
Call number suffix غ ا ل
Holdings
Withdrawn status Lost status Not for loan Collection code Home library Current library Date acquired Source of acquisition Cost, normal purchase price Full call number Barcode Copy number Cost, replacement price Koha item type
      Non-fiction Central Library Central Library 20/02/2020 BPPD/Ven. 32.00 841 غ ا ل A-880947 1 32.00 Urdu Bks

© Delhi Public Library
Hit Counter
free hit counter